000
00338 a2200157 4500
001
59828
020
_a
9783570300992
040
_c
Anchieta - Pituba
100
_a
Schröder, Raíner M.
240
1
0
_a
Abby Lynn
_l
por
245
1
0
_a
Abby Lynn
300
_a
282
362
0
_a
2002
650
4
_a
Literatura juvenil em alemão
942
_c
BK
999
_c
59828
_d
59828